Llwytho...
Grahanam
| Prif Awdur: | |
|---|---|
| Fformat: | Printed Book |
| Cyhoeddwyd: |
Kottayam
SPCS
1984
|
| LEADER | 00340nam a22001097a 4500 | ||
|---|---|---|---|
| 082 | |a 894.8123 |b SAR.G | ||
| 100 | |a Sarah Thomas | ||
| 245 | |a Grahanam | ||
| 260 | |a Kottayam |b SPCS |c 1984 | ||
| 942 | |c BK | ||
| 999 | |c 20386 |d 20386 | ||
| 952 | |0 0 |1 0 |4 0 |6 894_812300000000000_SAR_G |7 0 |9 22914 |a CAMPUS |b CAMPUS |d 2017-10-03 |l 0 |o 894.8123 SAR.G |p 24181 |r 2017-10-03 |w 2017-10-03 |y BK | ||